000 00300nam a2200145Ia 4500
100 _aEsibyan/Edward
650 _aGeneral
942 _cBK
654 _aArc Equipment
245 _aPlasma_ Arc Equipment
260 _bMir Publishers
_c1973
082 _a621
300 _a151
546 _aENGLISH
999 _c21842
_d21842